000 01669nam0a22003371 4500
001 v19\rc\1414205
005 20250618105326.0
035 _a(NLR Aleph) 004542202
090 _a2022536
_c2022536
100 _a20060512e18801880|||y0rusy50 ca
101 0 _arus
102 _aRU
105 _aa z |||||
200 1 _aО развитии фиброзных тел (corpora fibrosa) яичников
_eДис. на степ. д-ра мед. Ф.А. Патенко, орд. Пропедевт. акуш. гинекол. клиники проф. Славянского
210 _aСанкт-Петербург
_cтип. Б.Г. Янпольского
_d1880
215 _a[2], 30 с., 2 л. ил.
_d23
311 _aОтт. из сб. "Новейшие исследования по различным отраслям мед. наук". Спб., 1880
320 _aБиблиогр. в примеч.
488 0 _12001#$aНовейшие исследования по различным отраслям медицинских наук
_1210##$aСанкт-Петербург$d1880
_tНовейшие исследования по различным отраслям медицинских наук
532 1 3 _aО развитии фиброзных тел corpora fibrosa яичников
700 1 _aПатенко
_bФ.А.
_f1851-1911
_gФеодосий Алексеевич
702 1 _aСлавянский
_4570
801 0 _aRU
_bNLR
_gpsbo
801 0 _aRU
_bRuMoRGB
_2psbo
801 1 _aRU
_bProSoft-M
_2rusmarc
852 _aNLR
_j18.159.3.390
899 _aRuMoRGB
_jP 56/174
899 _aБАН
899 _aНБ СПбГУ
942 _cBOOK
980 _aNB